000 00461nam a22001577a 4500
999 _c14860
_d14860
008 200122b ||||| |||| 00| 0 eng d
022 _a9770118389007
082 _aDPer 641.05 F73 Mar-Nov 2012
100 _941245
_aBarrios, Troy.
245 _aPlan your picnic/
_bTroy Barrios.
260 _aQuezon City:
_bABS CBN Publishing, Inc.,
_c©2012.
300 _apage 78-79;
_b30 cm.
500 _aFood.
650 _aOutdoor Life
_941246
942 _2ddc
_cPER